Acoustic communication (Record no. 181071)
[ view plain ]
| 000 -LEADER | |
|---|---|
| fixed length control field | 01414pam a2200361Ia 4500 |
| 082 04 - DEWEY DECIMAL CLASSIFICATION NUMBER | |
| Classification number | 591.59/4 |
| 245 00 - TITLE STATEMENT | |
| Title | Acoustic communication |
| 260 ## - PUBLICATION, DISTRIBUTION, ETC. (IMPRINT) | |
| Place of publication | New York : |
| Name of publisher | Springer-Verlag, |
| Year of publication | c2003. |
| 300 ## - PHYSICAL DESCRIPTION | |
| Number of Pages | xiv, 418 p. : |
| Other physical details | ill. |
| 490 1# - SERIES STATEMENT | |
| Series statement | Springer handbook of auditory research ; |
| 650 #0 - SUBJECT ADDED ENTRY--TOPICAL TERM | |
| Topical Term | Animal sounds. |
| Topical Term | Sound production by animals. |
| Topical Term | Animal communication. |
| 700 1# - ADDED ENTRY--PERSONAL NAME | |
| Personal name | Simmons, Andrea Megela. |
| Personal name | Popper, Arthur N. |
| Personal name | Fay, Richard R. |
| 856 40 - ELECTRONIC LOCATION AND ACCESS | |
| Uniform Resource Identifier | http://site.ebrary.com/lib/rucke/Doc?id=10047817 |
No items available.
